Passos perdidos cidade e mito /

Guardado en:
書目詳細資料
主要作者: Jaguaribe, Beatriz
格式: 圖書
語言:Portuguese
出版: Rio de Janeiro : CIEC, 1989.
叢編:Papeis Avulsos 1989 20
主題:
標簽: 添加標簽
沒有標簽, 成為第一個標記此記錄!

MARC

LEADER 00000cam a2200000 u 4500
001 958797
005 20150604084548.0
008 910426s1989 bl ||||||||| |||| ||por |
040 |d CRU CIICLA 
041 |a por 
082 |a Cu863.4D  |b C297j 
100 1 |a Jaguaribe, Beatriz 
245 1 0 |a Passos perdidos cidade e mito /  |c Beatriz Jaguaribe 
260 |a Rio de Janeiro :  |b CIEC,  |c 1989. 
300 |a 27 páginas 
490 1 |a Papeis Avulsos 1989  |v 20 
600 1 4 |a CARPENTIER, ALEJO  |d 1904-1980  |t PASOS PERDIDOS 
650 1 4 |a CIUDADES Y PUEBLES EN LA LITERATURA 
942 |2 ddc  |c BK 
999 |c 4265  |d 4265